000 00712nam a2200229 i 4500
001 37626
003 ES-MaACL
005 20230906155620.0
007 t|
008 030221s1980 mx ||||1| spa d
100 1 _aBurdeau, Georges.
_932591
245 1 0 _aTratado de Ciencia Política /
_cde Georges Burdeau ; traducción por Enrique Serna Elizondo.
250 _a3ª ed.
260 _aMéxico :
_bUniversidad Nacional Autónoma de México,
_c[1980]
300 _a268 p. ;
_c23 cm.
490 1 _aCultura y sociedad
500 _aEs el vol. I.
700 1 _aSerna Elizondo, Enrique.
_9105578
830 0 _aCultura y sociedad
_9181729
852 _aES-MaACL
_jL-1959
_bR.102854
999 _c37626
_d37626